Score 0/27 Timer 04:00
1 Play Today
Clue Answer % Correct
UUmbrella
97.4%
UUncle
97.2%
UUnicorn
97.2%
FFootball
97.2%
NNovember
96.9%
FFacebook
96.7%
NNew York City
96.4%
UUranus
96.2%
FFord
96%
UUtah
96%
NNitrogen
93.5%
NNorth Pole
92.3%
FFinland
92.2%
FFeast
91.7%
Clue Answer % Correct
NNeverland
91.6%
NNintendo
90.3%
NNapoleon
87.6%
FFrozen
87.5%
FForeigner
87.3%
NNew Zealand
86.4%
FFranklin
85.9%
UUFO
85.6%
NNirvana
85%
UUkraine
84%
UUkulele
83.6%
FFonz
80.4%
UUlna
73.7%
Remove Ads.
Support Sporcle.
Get the best of Sporcle when you Go Orange. This ad-free experience offers more features, more stats, and more fun while also helping to support Sporcle. Thank you for becoming a member.

You're not logged in!

Compare scores with friends on all Sporcle quizzes.
OR
Log In

Show Comments

Extras

Top Quizzes Today


Score Distribution

Your Account Isn't Verified!

In order to create a playlist on Sporcle, you need to verify the email address you used during registration. Go to your Sporcle Settings to finish the process.

Report this User

Report this user for behavior that violates our Community Guidelines.

Details: